000 00543nam a22001697a 4500
003 0
005 20251114120711.0
008 251114b xxu||||| |||| 00| 0 eng d
020 _a0-06-440944-9
050 _aPZ 7
_b.L48 1994
100 _aLewis, C.S.,
_eauthor.
245 _aPrince Caspian :
_bthe return to Narnia : the chronicles of Narnia book four /
_cC.S. Lewis.
260 _aNew York, NY :
_bHarperCollins Publishers,
_c1994.
300 _a223 pages :
_bcolored illustrations ;
_c20 cm.
650 _aFantasy fiction.
942 _2lcc
_cBK
999 _c368646
_d368646